[Event "POL-chT 2nd League"]
[Site "Jastrzebia Gora"]
[Date "2023.09.10"]
[Round "9.26"]
[White "Sokolowski, Ryszard"]
[Black "Kolodziejski, Piotr"]
[Result "0-1"]
[WhiteElo "1958"]
[BlackElo "2276"]
[PlyCount "110"]
[EventDate "2023.09.02"]
[EventType "team-swiss"]
[EventRounds "9"]
[EventCountry "POL"]
[SourceTitle "EXT 2024"]
[Source "ChessBase"]
[SourceDate "2023.10.10"]
[SourceVersion "1"]
[SourceVersionDate "2023.10.10"]
[SourceQuality "1"]
[WhiteTeam "Koszalin Hetman Politechnika"]
[BlackTeam "Legnica Miedz"]
[WhiteTeamCountry "POL"]
[BlackTeamCountry "POL"]

1. d4 Nf6 2. c4 e6 3. Nc3 Bb4 4. f3 c5 5. d5 0-0 6. e4 b5 7. e5 Ne8 8. f4 d6 9. Nf3 Qe7 10. Bd3 exd5 11. 0-0 Bxc3 12. bxc3 bxc4 13. Bb1 h6 14. Qxd5 Bb7 15. Qxc4 Nd7 16. Qd3 f5 17. Re1 Rd8 18. exd6 Qxd6 19. Rxe8 Qxd3 20. Rxf8+ Nxf8 21. Bxd3 Rxd3 22. Ne1 Rxc3 23. Bd2 Rc4 24. Rb1 Be4 25. Rb8 Kf7 26. Kf2 Ra4 27. Nf3 Bxf3 28. Kxf3 Ra3+ 29. Ke2 Ne6 30. Rb7+ Kf6 31. Kd1 Nd4 32. Rc7 Rxa2 33. Bc3 Kg6 34. Rxc5 Ne6 35. Rc6 Kf7 36. g4 Nxf4 37. gxf5 Nd5 38. Be5 Ne3+ 39. Ke1 Nxf5 40. Kf1 Ne3+ 41. Ke1 Nd5 42. Rc5 Nf6 43. Rc7+ Kg6 44. Kf1 a6 45. Kg1 Re2 46. Bd4 Rd2 47. Be5 Kf5 48. Bg3 g5 49. Be1 Ra2 50. Rc5+ Ke4 51. Rc6 Ng4 52. h3 Ne5 53. Rc1 Nf3+ 54. Kf1 Nxe1 55. Rxe1+ Kf3 0-1

[Event "POL-chT 2nd League"]
[Site "Jastrzebia Gora"]
[Date "2023.09.09"]
[Round "8.14"]
[White "Kosiorek, Marek"]
[Black "Sokolowski, Ryszard"]
[Result "1/2-1/2"]
[WhiteElo "2259"]
[BlackElo "1958"]
[PlyCount "135"]
[EventDate "2023.09.02"]
[EventType "team-swiss"]
[EventRounds "9"]
[EventCountry "POL"]
[SourceTitle "EXT 2024"]
[Source "ChessBase"]
[SourceDate "2023.10.10"]
[SourceVersion "1"]
[SourceVersionDate "2023.10.10"]
[SourceQuality "1"]
[WhiteTeam "Zielonka Zieloni"]
[BlackTeam "Koszalin Hetman Politechnika"]
[WhiteTeamCountry "POL"]
[BlackTeamCountry "POL"]

1. Nf3 Nf6 2. c4 c5 3. g3 b6 4. Bg2 Bb7 5. 0-0 e6 6. Nc3 Be7 7. b3 0-0 8. Bb2 a6 9. d4 cxd4 10. Qxd4 d6 11. Rfd1 Nbd7 12. h3 Qc7 13. Rac1 Rac8 14. Qe3 Qb8 15. Nd4 Bxg2 16. Kxg2 Qb7+ 17. Qf3 Qxf3+ 18. Nxf3 Rfd8 19. Nd4 Ne5 20. f4 Nc6 21. e4 Nxd4 22. Rxd4 Ne8 23. Rcd1 Rb8 24. a4 h5 25. e5 f6 26. Ne4 dxe5 27. Rxd8 Rxd8 28. Rxd8 Bxd8 29. fxe5 fxe5 30. Bxe5 Nf6 31. Ng5 Nd7 32. Nxe6 Nxe5 33. Nxd8 Kf8 34. Ne6+ Kf7 35. Nd4 Nd3 36. Kf3 Kf6 37. a5 bxa5 38. Nc6 a4 39. bxa4 Nb2 40. Nb4 a5 41. Nd5+ Ke5 42. Nf4 Nxa4 43. Ke3 Nc5 44. Nxh5 a4 45. Kd2 g5 46. Kc3 a3 47. g4 Nd3 48. Kb3 Nf2 49. Kxa3 Nxh3 50. c5 Kd5 51. Kb4 Kc6 52. Kc4 Ng1 53. Ng7 Nf3 54. Ne6 Ne5+ 55. Kb4 Nxg4 56. Nd4+ Kd5 57. c6 Kd6 58. Kb5 Ne5 59. Kb6 Nxc6 60. Nxc6 Kd5 61. Ne7+ Ke6 62. Kc5 Kxe7 63. Kd5 Kf6 64. Ke4 Ke6 65. Kf3 Kf5 66. Kg3 g4 67. Kg2 Kf4 68. Kf2 1/2-1/2

[Event "EU-ch Blitz"]
[Site "Katowice"]
[Date "2022.12.16"]
[Round "7"]
[White "Orzech, Dominik"]
[Black "Sokolowski, Ryszard"]
[Result "1-0"]
[WhiteElo "2313"]
[BlackElo "2020"]
[PlyCount "81"]
[EventDate "2022.12.16"]
[EventType "swiss (blitz)"]
[EventRounds "22"]
[EventCountry "POL"]
[SourceTitle "CBM 211 Extra"]
[Source "ChessBase"]
[SourceDate "2023.01.31"]
[SourceVersion "1"]
[SourceVersionDate "2023.01.31"]
[SourceQuality "1"]

1. d4 Nf6 2. Nf3 e6 3. c4 Bb4+ 4. Bd2 a5 5. Qc2 0-0 6. Nc3 d5 7. cxd5 exd5 8. a3 Be7 9. Bg5 c6 10. e3 Be6 11. Bd3 h6 12. Bf4 Nbd7 13. h3 b5 14. 0-0 Rc8 15. Rfc1 Nb6 16. b3 Bd6 17. Ne5 Ne8 18. Re1 Be7 19. Ne2 c5 20. Bxb5 cxd4 21. Qd2 dxe3 22. Bxe3 Na8 23. Nd4 Nd6 24. Ba4 Ne4 25. Qb2 Qd6 26. Bf4 Qb6 27. Be3 Qb8 28. Nec6 Qc7 29. Rac1 Bf6 30. f3 Ng3 31. Qf2 Nh5 32. Nxe6 fxe6 33. Na7 Qb8 34. Nxc8 Rxc8 35. Rxc8+ Qxc8 36. Rc1 Qb8 37. Qc2 Qg3 38. Qc8+ Kh7 39. Bf2 Qg5 40. h4 Qd2 41. Qc2+ 1-0

[Event "EU-ch Blitz"]
[Site "Katowice"]
[Date "2022.12.16"]
[Round "8"]
[White "Sokolowski, Ryszard"]
[Black "Orzech, Dominik"]
[Result "0-1"]
[WhiteElo "2020"]
[BlackElo "2313"]
[PlyCount "58"]
[EventDate "2022.12.16"]
[EventType "swiss (blitz)"]
[EventRounds "22"]
[EventCountry "POL"]
[SourceTitle "CBM 211 Extra"]
[Source "ChessBase"]
[SourceDate "2023.01.31"]
[SourceVersion "1"]
[SourceVersionDate "2023.01.31"]
[SourceQuality "1"]

1. d4 Nf6 2. c4 c6 3. Nc3 d5 4. e3 e6 5. Nf3 Nbd7 6. Bd3 Be7 7. 0-0 0-0 8. e4 dxe4 9. Nxe4 b6 10. Qe2 Bb7 11. Rd1 Qc7 12. Bg5 Rad8 13. b4 Bxb4 14. Ne5 Nxe5 15. Nxf6+ gxf6 16. Bxf6 Ng6 17. Qh5 Qf4 18. Bxd8 Rxd8 19. g3 Qf6 20. Rab1 Bc3 21. Be4 Bxd4 22. Rd2 e5 23. Kg2 Bc8 24. Rf1 c5 25. f4 exf4 26. gxf4 Nxf4+ 27. Rxf4 Qxf4 28. Qxh7+ Kf8 29. Re2 Bg4 0-1

[Event "Wch Seniors 65 30th"]
[Site "Assisi"]
[Date "2022.11.16"]
[Round "2"]
[White "Sokolowski, Ryszard"]
[Black "Kierzek, Matthias"]
[Result "0-1"]
[WhiteElo "2024"]
[BlackElo "2237"]
[PlyCount "84"]
[EventDate "2022.11.15"]
[EventType "swiss"]
[EventRounds "11"]
[EventCountry "ITA"]
[SourceTitle "CBM 211 Extra"]
[Source "ChessBase"]
[SourceDate "2023.01.31"]
[SourceVersion "1"]
[SourceVersionDate "2023.01.31"]
[SourceQuality "1"]

1. d4 d5 2. c4 c6 3. Nc3 Nf6 4. e3 Bf5 5. cxd5 cxd5 6. Qb3 Nc6 7. Qxb7 Bd7 8. Qb3 Rb8 9. Qd1 e5 10. dxe5 Nxe5 11. Be2 Bd6 12. Nf3 Nxf3+ 13. Bxf3 Qc7 14. h3 0-0 15. 0-0 Rfd8 16. a4 Bh2+ 17. Kh1 Be5 18. Ra3 Be6 19. Nb5 Qd7 20. g4 Ne4 21. Kg2 Qe7 22. Nd4 Bd7 23. Be2 Rb6 24. Nf3 Bxb2 25. Bxb2 Rxb2 26. Rd3 Bxa4 27. Qxa4 Rxe2 28. Nd4 Nc5 29. Nf5 Qf6 30. Qd1 Nxd3 31. Qxe2 Nc5 32. Rc1 Ne6 33. Rc6 g6 34. Nd6 Rxd6 35. Rxd6 Nf4+ 36. exf4 Qxd6 37. f5 gxf5 38. gxf5 d4 39. Qd3 a5 40. Kf3 a4 41. Ke4 a3 42. f6 Qe6+ 0-1

[Event "EU-ch Seniors 65 21st"]
[Site "Lublin"]
[Date "2022.07.08"]
[Round "4"]
[White "Severcan, Sedat Sabri"]
[Black "Sokolowski, Ryszard"]
[Result "0-1"]
[WhiteElo "1849"]
[BlackElo "2050"]
[PlyCount "110"]
[EventDate "2022.07.05"]
[EventType "swiss"]
[EventRounds "9"]
[EventCountry "POL"]
[SourceTitle "CBM 209 Extra"]
[Source "ChessBase"]
[SourceDate "2022.09.30"]
[SourceVersion "1"]
[SourceVersionDate "2022.09.30"]
[SourceQuality "1"]

1. d4 Nf6 2. c4 e6 3. Nf3 b6 4. e3 Bb7 5. Be2 Be7 6. 0-0 0-0 7. Nc3 d5 8. b3 c5 9. Bb2 Nc6 10. cxd5 Nxd5 11. Nxd5 Qxd5 12. dxc5 bxc5 13. Qc1 Rfd8 14. Bc3 Qf5 15. Qb2 Qg6 16. Rad1 Rd5 17. Rxd5 exd5 18. Rd1 Rd8 19. Bd3 Qh6 20. Be2 Qg6 21. Bd3 Qe6 22. Qb1 g6 23. h3 d4 24. Bc4 Qf6 25. exd4 Nxd4 26. Bxd4 cxd4 27. Qd3 Bxf3 28. Qxf3 Qxf3 29. gxf3 Bb4 30. Kg2 Kf8 31. Kf1 Bc3 32. Ke2 Re8+ 33. Kd3 Re5 34. Rg1 Ra5 35. a4 Rh5 36. Rg3 a5 37. f4 Ke7 38. Ke4 f6 39. Be2 Rc5 40. Bc4 Kd6 41. Rf3 Rc7 42. f5 Re7+ 43. Kd3 g5 44. h4 g4 45. Rf4 h5 46. Be6 Rc7 47. Re4 Rc5 48. Re2 Re5 49. Re4 Rc5 50. Re2 Ba1 51. Ra2 Rc1 52. Re2 Rc3+ 53. Kd2 Rh3 54. Bf7 Bc3+ 55. Kd1 d3 0-1

[Event "EU-ch Seniors 65 21st"]
[Site "Lublin"]
[Date "2022.07.07"]
[Round "3"]
[White "Sokolowski, Ryszard"]
[Black "Bogdanov, Valentin"]
[Result "0-1"]
[WhiteElo "2050"]
[BlackElo "2333"]
[PlyCount "78"]
[EventDate "2022.07.05"]
[EventType "swiss"]
[EventRounds "9"]
[EventCountry "POL"]
[SourceTitle "CBM 209 Extra"]
[Source "ChessBase"]
[SourceDate "2022.09.30"]
[SourceVersion "1"]
[SourceVersionDate "2022.09.30"]
[SourceQuality "1"]

1. d4 e6 2. c4 Bb4+ 3. Bd2 a5 4. Nf3 Nf6 5. Qc2 d5 6. a3 Bxd2+ 7. Nbxd2 0-0 8. e4 dxe4 9. Nxe4 Nxe4 10. Qxe4 Nd7 11. 0-0-0 c5 12. Bd3 Nf6 13. Qh4 Qc7 14. Kb1 cxd4 15. Rhe1 h6 16. Nxd4 Bd7 17. f4 Rfd8 18. Qf2 Ba4 19. Nb5 Qc6 20. Bc2 Bxb5 21. cxb5 Qxb5 22. Rxd8+ Rxd8 23. Re5 Rd5 24. Re1 Qd7 25. Re2 g6 26. h3 Kg7 27. g4 Qd6 28. Qf3 b5 29. h4 Rd4 30. Rf2 Nd5 31. Be4 Nxf4 32. g5 hxg5 33. hxg5 Qe5 34. Bc6 Qxg5 35. Rc2 b4 36. axb4 axb4 37. Rc1 Qf5+ 38. Ka2 Rd3 39. Qf1 Qa5+ 0-1

[Event "EU-ch Seniors 65 21st"]
[Site "Lublin"]
[Date "2022.07.05"]
[Round "1"]
[White "Sokolowski, Ryszard"]
[Black "Plesiuk, Jan"]
[Result "1-0"]
[WhiteElo "2050"]
[BlackElo "1573"]
[PlyCount "99"]
[EventDate "2022.07.05"]
[EventType "swiss"]
[EventRounds "9"]
[EventCountry "POL"]
[SourceTitle "CBM 209 Extra"]
[Source "ChessBase"]
[SourceDate "2022.09.30"]
[SourceVersion "1"]
[SourceVersionDate "2022.09.30"]
[SourceQuality "1"]

1. d4 Nf6 2. c4 e6 3. Nc3 c5 4. d5 d6 5. e4 Be7 6. f4 0-0 7. Nf3 a6 8. a4 Re8 9. Bd3 Nbd7 10. 0-0 Nf8 11. Kh1 Qc7 12. b3 exd5 13. cxd5 h6 14. h3 Bd7 15. Re1 Ng6 16. e5 Nh7 17. Qc2 Nhf8 18. g4 Nh4 19. Ng1 g5 20. Ne4 dxe5 21. fxe5 Qxe5 22. Bb2 Qxd5 23. Bc4 Qc6 24. Rad1 Be6 25. Qc3 f6 26. Nf3 Nh7 27. Bxe6+ Qxe6 28. Nexg5 Qc6 29. Re6 Qc8 30. Qc4 Kg7 31. Nxh4 Nxg5 32. Re3 Qc6+ 33. Kg1 Bf8 34. Qd3 Re4 35. Nf5+ Kg8 36. Rxe4 Qxe4 37. Bxf6 Qxd3 38. Rxd3 b5 39. h4 Ne4 40. Be5 bxa4 41. bxa4 Rc8 42. Kf1 Kf7 43. Bf4 Rc6 44. Ke2 c4 45. Re3 Nf6 46. Nd4 Rb6 47. Rf3 Rb2+ 48. Kd1 Kg7 49. Be5 Rb4 50. Rxf6 1-0

[Event "POL-ch Seniors"]
[Site "Szklarska Poreba"]
[Date "2022.05.20"]
[Round "9"]
[White "Sokolowski, Ryszard"]
[Black "Lada, Ireneusz"]
[Result "1-0"]
[WhiteElo "2063"]
[BlackElo "1782"]
[PlyCount "87"]
[EventDate "2022.05.13"]
[EventType "swiss"]
[EventRounds "9"]
[EventCountry "POL"]
[SourceTitle "EXT 2024"]
[Source "ChessBase"]
[SourceDate "2023.10.10"]
[SourceVersion "1"]
[SourceVersionDate "2023.10.10"]
[SourceQuality "1"]

1. d4 f5 2. Nc3 Nf6 3. Bg5 e6 4. e4 fxe4 5. Nxe4 Be7 6. Bxf6 Bxf6 7. Nf3 b6 8. Bd3 Qe7 9. 0-0 Bb7 10. Re1 g6 11. c4 0-0 12. Qd2 Qg7 13. Bc2 Nc6 14. Rad1 Rae8 15. h3 Kh8 16. b4 a5 17. b5 Nd8 18. Nxf6 Rxf6 19. Ne5 d6 20. Ng4 Rff8 21. Re3 Nf7 22. Rde1 Bc8 23. f4 Bd7 24. a4 Nh6 25. Nxh6 Qxh6 26. Rf3 Bc8 27. Rf2 Qg7 28. Qe3 Qf6 29. Ree2 Kg7 30. Kh2 Bb7 31. g3 Re7 32. h4 Rd8 33. Qd3 Qf7 34. Qe3 Rdd7 35. Kg1 Qf6 36. h5 Kf8 37. Rh2 Ke8 38. hxg6 hxg6 39. Rh6 Rh7 40. Qxe6+ Qxe6 41. Rxe6+ Rde7 42. Bxg6+ Kd7 43. Bxh7 Rxe6 44. Bf5 1-0

[Event "POL-ch Seniors"]
[Site "Szklarska Poreba"]
[Date "2022.05.17"]
[Round "7"]
[White "Sokolowski, Ryszard"]
[Black "Rak, Tomasz"]
[Result "0-1"]
[WhiteElo "2063"]
[BlackElo "1850"]
[PlyCount "102"]
[EventDate "2022.05.13"]
[EventType "swiss"]
[EventRounds "9"]
[EventCountry "POL"]
[SourceTitle "EXT 2024"]
[Source "ChessBase"]
[SourceDate "2023.10.10"]
[SourceVersion "1"]
[SourceVersionDate "2023.10.10"]
[SourceQuality "1"]

1. d4 Nf6 2. c4 e6 3. Nc3 Bb4 4. f3 c5 5. d5 d6 6. e4 e5 7. Nge2 Nbd7 8. a3 Ba5 9. g4 h6 10. Rb1 Qe7 11. Ng3 g6 12. Bd2 Bd8 13. b4 b6 14. Qa4 Kf8 15. h4 Kg7 16. g5 hxg5 17. Bxg5 Qf8 18. Bh3 Be7 19. Rg1 Qd8 20. Rb2 Kf8 21. Rf2 a6 22. Qd1 Nh5 23. Nxh5 Rxh5 24. Bxd7 Bxd7 25. f4 Rxh4 26. Bxe7+ Qxe7 27. fxe5 Qxe5 28. Qf3 Bf5 29. Rg3 Ra7 30. Re2 Bg4 31. Rxg4 Rxg4 32. Qxg4 Qxc3+ 33. Kf2 cxb4 34. Qc8+ Kg7 35. axb4 Qxb4 36. Kf3 Qc3+ 37. Re3 Qe5 38. Ke2 Qh5+ 39. Kd2 Qh8 40. Qg4 Qh2+ 41. Kd3 Qe5 42. Qh4 f5 43. Qd8 Rf7 44. exf5 Qxf5+ 45. Kd2 Qf4 46. Kd3 b5 47. cxb5 axb5 48. Re4 Qf1+ 49. Kd4 Qd1+ 50. Kc3 Rf3+ 51. Kb4 Qa4# 0-1

[Event "POL-ch Seniors"]
[Site "Szklarska Poreba"]
[Date "2022.05.15"]
[Round "2"]
[White "Flis, Pawel"]
[Black "Sokolowski, Ryszard"]
[Result "0-1"]
[WhiteElo "1913"]
[BlackElo "2063"]
[PlyCount "62"]
[EventDate "2022.05.13"]
[EventType "swiss"]
[EventRounds "9"]
[EventCountry "POL"]
[SourceTitle "EXT 2024"]
[Source "ChessBase"]
[SourceDate "2023.10.10"]
[SourceVersion "1"]
[SourceVersionDate "2023.10.10"]
[SourceQuality "1"]

1. e4 c5 2. Nf3 e6 3. d4 cxd4 4. Nxd4 a6 5. Bd3 Nf6 6. 0-0 d6 7. Nc3 Be7 8. Kh1 0-0 9. f4 Qc7 10. Qf3 Nc6 11. Nb3 b5 12. a4 b4 13. Ne2 Bb7 14. Bd2 Nd7 15. c3 bxc3 16. Bxc3 Bf6 17. Rac1 Bxc3 18. Rxc3 Rac8 19. e5 d5 20. Bxh7+ Kxh7 21. Qh5+ Kg8 22. Rh3 f6 23. Nbd4 Nxd4 24. Nxd4 Qb6 25. Qh7+ Kf7 26. Rg3 Rg8 27. f5 Qxd4 28. exf6 Nxf6 29. fxe6+ Kxe6 30. Re1+ Kd6 31. Rxg7 Nxh7 0-1

[Event "POL-chT 2nd League"]
[Site "Sypniewo"]
[Date "2021.09.11"]
[Round "8.8"]
[White "Sokolowski, Ryszard"]
[Black "Szmyd, Marek"]
[Result "1-0"]
[WhiteElo "2031"]
[BlackElo "1897"]
[PlyCount "63"]
[EventDate "2021.09.04"]
[EventType "team-swiss"]
[EventRounds "9"]
[EventCountry "POL"]
[SourceTitle "CBM 204 Extra"]
[Source "ChessBase"]
[SourceDate "2021.11.30"]
[SourceVersion "1"]
[SourceVersionDate "2021.11.30"]
[SourceQuality "1"]
[WhiteTeam "Koszalin Hetman Politechnika"]
[BlackTeam "Zarow Goniec"]
[WhiteTeamCountry "POL"]
[BlackTeamCountry "POL"]

1. d4 Nf6 2. c4 e6 3. Nc3 d5 4. cxd5 exd5 5. Bg5 Be7 6. e3 h6 7. Bh4 c6 8. Bd3 Ne4 9. Bxe7 Qxe7 10. Qc2 f5 11. Nxd5 Qf7 12. Bxe4 0-0 13. Bf3 cxd5 14. Ne2 g5 15. g3 Nc6 16. h4 Be6 17. Qd2 Rac8 18. hxg5 hxg5 19. Rc1 Kg7 20. b4 b6 21. b5 Na5 22. Rxc8 Rxc8 23. e4 dxe4 24. Qxg5+ Qg6 25. Qxg6+ Kxg6 26. Nf4+ Kf7 27. d5 Rc1+ 28. Kd2 Rc8 29. Kd1 Bd7 30. Ke1 Ke8 31. Rh7 Kd8 32. Bh5 1-0

[Event "POL-chT 2nd League"]
[Site "Sypniewo"]
[Date "2021.09.09"]
[Round "6.13"]
[White "Kaminski, Jan"]
[Black "Sokolowski, Ryszard"]
[Result "1-0"]
[WhiteElo "1955"]
[BlackElo "2031"]
[PlyCount "79"]
[EventDate "2021.09.04"]
[EventType "team-swiss"]
[EventRounds "9"]
[EventCountry "POL"]
[SourceTitle "CBM 204 Extra"]
[Source "ChessBase"]
[SourceDate "2021.11.30"]
[SourceVersion "1"]
[SourceVersionDate "2021.11.30"]
[SourceQuality "1"]
[WhiteTeam "Warszawa Zugzwang"]
[BlackTeam "Koszalin Hetman Politechnika"]
[WhiteTeamCountry "POL"]
[BlackTeamCountry "POL"]

1. e4 c5 2. Nf3 e6 3. b3 b6 4. Bb2 Bb7 5. Nc3 d6 6. d4 cxd4 7. Nxd4 a6 8. Bd3 Nd7 9. 0-0 Ngf6 10. f4 Qc7 11. f5 e5 12. Nf3 b5 13. a3 Be7 14. Qe2 0-0 15. Kh1 Rfe8 16. Nd2 Bf8 17. Qf2 Nc5 18. b4 Ncd7 19. Rac1 Nb6 20. Nb3 Rac8 21. Na5 Ba8 22. Rfe1 Nc4 23. Bxc4 bxc4 24. Rcd1 Be7 25. Bc1 Qb8 26. Qe2 h6 27. Nd5 Nxd5 28. exd5 Qc7 29. Qg4 Kh7 30. Re4 c3 31. Rd3 Qd7 32. Nc4 Rb8 33. Ne3 Bg5 34. Rxc3 Bxe3 35. Rexe3 Bxd5 36. Rg3 Rg8 37. Rh3 Rbc8 38. Bxh6 Bxg2+ 39. Qxg2 Rxc3 40. Be3# 1-0

[Event "POL-chT 2nd League"]
[Site "Sypniewo"]
[Date "2021.09.07"]
[Round "4.7"]
[White "Poltorak, Sebastian"]
[Black "Sokolowski, Ryszard"]
[Result "1-0"]
[WhiteElo "2264"]
[BlackElo "2031"]
[PlyCount "85"]
[EventDate "2021.09.04"]
[EventType "team-swiss"]
[EventRounds "9"]
[EventCountry "POL"]
[SourceTitle "CBM 204 Extra"]
[Source "ChessBase"]
[SourceDate "2021.11.30"]
[SourceVersion "1"]
[SourceVersionDate "2021.11.30"]
[SourceQuality "1"]
[WhiteTeam "Opole Rodlo II"]
[BlackTeam "Koszalin Hetman Politechnika"]
[WhiteTeamCountry "POL"]
[BlackTeamCountry "POL"]

1. e4 c5 2. Nc3 a6 3. g3 b5 4. Bg2 Bb7 5. Nh3 Nf6 6. d3 e6 7. 0-0 Nc6 8. e5 Ng8 9. Be3 Qc7 10. f4 Nd4 11. Ne4 f5 12. Nd6+ Bxd6 13. exd6 Qb6 14. Bxb7 Qxb7 15. b4 Nf6 16. bxc5 Nc6 17. Rb1 Rb8 18. a4 b4 19. c3 a5 20. c4 h5 21. Nf2 h4 22. g4 h3 23. Qf3 Rh4 24. gxf5 exf5 25. Qg3 Rg4 26. Nxg4 fxg4 27. d4 Qa6 28. d5 Nd8 29. Bd4 Qxc4 30. Qe3+ Kf8 31. Bxf6 gxf6 32. Qe7+ Kg8 33. Qe8+ Kg7 34. Qxd7+ Nf7 35. Qxg4+ Kf8 36. Rbc1 Qd4+ 37. Kh1 b3 38. Qxh3 b2 39. Rb1 Qxd5+ 40. Qg2 Qxc5 41. Rg1 Nxd6 42. Qg7+ Ke8 43. Rbe1+ 1-0

[Event "POL-chT 2nd League"]
[Site "Poronin"]
[Date "2020.09.10"]
[Round "6.8"]
[White "Markiewicz, Jerzy"]
[Black "Sokolowski, Ryszard"]
[Result "1-0"]
[WhiteElo "2169"]
[BlackElo "1993"]
[PlyCount "112"]
[EventDate "2020.09.05"]
[EventType "team-swiss"]
[EventRounds "9"]
[EventCountry "POL"]
[SourceTitle "CBM 198 Extra"]
[Source "ChessBase"]
[SourceDate "2020.11.30"]
[SourceVersion "1"]
[SourceVersionDate "2020.11.30"]
[SourceQuality "1"]
[WhiteTeam "Pilzno GKSz Hetman"]
[BlackTeam "Koszalin Hetman Politechnika"]
[WhiteTeamCountry "POL"]
[BlackTeamCountry "POL"]

1. e4 c5 2. Nf3 a6 3. c3 d5 4. exd5 Qxd5 5. d4 e6 6. Be2 Nf6 7. 0-0 Be7 8. Ne5 0-0 9. Bf3 Qd8 10. dxc5 Bxc5 11. Qe2 Nfd7 12. Rd1 Qe7 13. Nc4 a5 14. Nbd2 Nc6 15. Nb3 a4 16. Nxc5 Qxc5 17. Be3 Qe7 18. Nd6 Ra5 19. g3 Nde5 20. Bg2 Rd8 21. Bb6 Rxd6 22. Bxa5 Rxd1+ 23. Rxd1 f6 24. Bb6 g5 25. f4 gxf4 26. gxf4 Nd7 27. Qg4+ Kh8 28. Be3 Nf8 29. Qh5 Ng6 30. Be4 f5 31. Bxc6 bxc6 32. Qg5 Qxg5+ 33. fxg5 Kg7 34. Rd8 Ba6 35. Rd7+ Kg8 36. b3 axb3 37. axb3 f4 38. Bc5 Be2 39. Rd6 e5 40. Rxc6 e4 41. Re6 Bd3 42. b4 Kf7 43. Rf6+ Kg7 44. Bd4 Kg8 45. Kf2 e3+ 46. Bxe3 fxe3+ 47. Kxe3 Bb5 48. Kd4 Nf8 49. c4 Bd7 50. Kd5 Bh3 51. Kd6 Nd7 52. Rf3 Bg4 53. Rf4 Bh3 54. c5 Nf8 55. Rf6 Nd7 56. b5 Nb8 1-0

[Event "POL-chT 2nd League"]
[Site "Poronin"]
[Date "2020.09.06"]
[Round "2.10"]
[White "Sokolowski, Ryszard"]
[Black "Lach, Piotr"]
[Result "1-0"]
[WhiteElo "1993"]
[BlackElo "2079"]
[PlyCount "65"]
[EventDate "2020.09.05"]
[EventType "team-swiss"]
[EventRounds "9"]
[EventCountry "POL"]
[SourceTitle "CBM 198 Extra"]
[Source "ChessBase"]
[SourceDate "2020.11.30"]
[SourceVersion "1"]
[SourceVersionDate "2020.11.30"]
[SourceQuality "1"]
[WhiteTeam "Koszalin Hetman Politechnika"]
[BlackTeam "Myslenice MLKSz"]
[WhiteTeamCountry "POL"]
[BlackTeamCountry "POL"]

1. d4 Nf6 2. c4 e6 3. Nc3 Bb4 4. f3 d5 5. a3 Be7 6. e4 dxe4 7. fxe4 e5 8. d5 Bc5 9. Nf3 Bg4 10. h3 Bxf3 11. Qxf3 Qe7 12. Bd3 c6 13. Bg5 Bd4 14. Rc1 Nbd7 15. Rf1 h6 16. Bh4 0-0-0 17. b4 Kb8 18. dxc6 bxc6 19. c5 g5 20. Bg3 Rhg8 21. Ne2 Kb7 22. Nxd4 exd4 23. Bd6 Qe6 24. Kd2 g4 25. hxg4 Rxg4 26. Rce1 Rdg8 27. Re2 Qa2+ 28. Bc2 d3 29. Qxd3 Rxg2 30. Rff2 Rxf2 31. Rxf2 Rg4 32. Re2 Qe6 33. b5 1-0

[Event "Kochan Memorial op 23rd"]
[Site "Koszalin"]
[Date "2012.08.13"]
[Round "3"]
[White "Rawicz, Karol"]
[Black "Sokolowski, Ryszard"]
[Result "1-0"]
[WhiteElo "2261"]
[BlackElo "2132"]
[PlyCount "51"]
[EventDate "2012.08.11"]
[EventType "swiss"]
[EventRounds "9"]
[EventCountry "POL"]
[SourceTitle "CBM 149 Extra"]
[Source "ChessBase"]
[SourceDate "2012.08.24"]
[SourceVersion "1"]
[SourceVersionDate "2012.08.24"]
[SourceQuality "1"]

1. g3 c5 2. Bg2 Nc6 3. c4 Nf6 4. Nf3 e6 5. 0-0 Be7 6. Nc3 0-0 7. b3 a6 8. Bb2 d6 9. d4 cxd4 10. Nxd4 Bd7 11. Rc1 Rc8 12. e4 Qb6 13. Nxc6 Bxc6 14. Qd2 Rfd8 15. Rfd1 Qa7 16. Ba3 b5 17. cxb5 axb5 18. Bb4 Qb7 19. Qf4 e5 20. Qe3 Bf8 21. Qe2 g6 22. Rc2 h5 23. h3 Be8 24. Rcd2 Qb6 25. Qf3 Kg7 26. Qxf6+ 1-0

[Event "Lazy op 7th"]
[Site "Lazy"]
[Date "2011.06.27"]
[Round "3.5"]
[White "Aliavdin, Nikolai"]
[Black "Sokolowski, Ryszard"]
[Result "1/2-1/2"]
[WhiteElo "2397"]
[BlackElo "2115"]
[PlyCount "81"]
[EventDate "2011.06.25"]
[EventType "swiss"]
[EventRounds "9"]
[EventCountry "POL"]
[SourceTitle "EXT 2012"]
[Source "ChessBase"]
[SourceDate "2011.11.24"]
[SourceVersion "1"]
[SourceVersionDate "2011.11.24"]
[SourceQuality "1"]

1. d4 d6 2. Nf3 Nf6 3. c4 Nbd7 4. Nc3 e5 5. e4 c6 6. Be2 Be7 7. 0-0 0-0 8. d5 a6 9. Be3 cxd5 10. cxd5 b5 11. b4 Nb6 12. Nd2 Bd7 13. Qb1 Qb8 14. Rc1 Rc8 15. Qb3 Qb7 16. Rc2 Ne8 17. Rac1 g6 18. Qb1 Bd8 19. h3 Rc7 20. Nd1 Rxc2 21. Rxc2 Rc8 22. Nb3 Nc4 23. Bxc4 bxc4 24. Nd2 Ba4 25. Rxc4 Rxc4 26. Nxc4 Bxd1 27. Qxd1 Qxb4 28. Qc2 Kg7 29. Bd2 Qb5 30. a4 Qb7 31. f4 f6 32. Kh2 Kf7 33. Qd3 exf4 34. Bxf4 Ke7 35. Qa3 Bc7 36. Bg3 Qb1 37. e5 fxe5 38. Nxe5 Qe4 39. Nc6+ Kd7 40. Qb3 h5 41. Qb7 1/2-1/2

[Event "Lazy op-A 6th"]
[Site "Lazy"]
[Date "2010.07.02"]
[Round "7"]
[White "Sokolowski, Ryszard"]
[Black "Andrzejewska, Anna"]
[Result "0-1"]
[WhiteElo "2143"]
[BlackElo "2006"]
[PlyCount "102"]
[EventDate "2010.06.27"]
[EventType "swiss"]
[EventRounds "9"]
[EventCountry "POL"]
[SourceTitle "CBM 137 Extra"]
[Source "ChessBase"]
[SourceDate "2010.09.01"]
[SourceVersion "1"]
[SourceVersionDate "2010.09.01"]
[SourceQuality "1"]

1. d4 d5 2. Bg5 Nf6 3. Bxf6 exf6 4. e3 Be6 5. Bd3 Bd6 6. Nd2 c6 7. Qf3 Nd7 8. Ne2 Qc7 9. h3 Nf8 10. e4 Ng6 11. g3 0-0-0 12. a3 Rhe8 13. 0-0-0 Qd7 14. Nc3 dxe4 15. Ndxe4 Bf8 16. Be2 Bd5 17. Nxd5 Qxd5 18. Nc3 Qxf3 19. Bxf3 Kc7 20. Ne4 Rd7 21. Rd3 h6 22. Rhd1 f5 23. Nc3 Red8 24. h4 Be7 25. h5 Bg5+ 26. Kb1 Ne7 27. Ne2 Nd5 28. c4 Nf6 29. Nc3 Ng4 30. Bxg4 fxg4 31. d5 Bf6 32. Ne4 Be7 33. Kc2 cxd5 34. cxd5 f5 35. Nc3 a6 36. Ne2 Bc5 37. Nf4 Kd6 38. R1d2 Ba7 39. Rc3 Re8 40. b4 Re1 41. Ne6 Rf1 42. Nc5 Rc7 43. Kb3 a5 44. Re2 Bxc5 45. bxc5+ Rxc5 46. Rxc5 Kxc5 47. Rd2 Kd6 48. Ka4 b6 49. Kb5 Rb1+ 50. Kc4 b5+ 51. Kc3 Rc1+ 0-1